The Lost sheep of the People of Israel (Record no. 21707)

MARC details
000 -LEADER
fixed length control field 00331nam a2200109Ia 4500
100 ## - MAIN ENTRY--AUTHOR NAME
Author name D.M. Donaldson
245 #4 - TITLE STATEMENT
Title The Lost sheep of the People of Israel
500 ## - GENERAL NOTE
General note Bulletin of the Henry MartynSchool of Islamic Studies April - June 1950
650 ## - SUBJECT ADDED ENTRY--TOPICAL TERM
Topical Term Christianity
942 ## - ADDED ENTRY ELEMENTS (KOHA)
Koha item type Book Reviews

No items available.

                   Copyright © 2026 | Henry Martyn Institute | Hyderabad | TS-500052 | INDIA | Implemented by hmi.edu.in
Hit-Count:

Powered by Koha